Elecciones regionales y padrón electoral, principales resultados y retos para noviembre del 2006 /
Guardat en:
| Autor principal: | |
|---|---|
| Format: | Text |
| Matèries: | |
| Etiquetes: |
Afegir etiqueta
Sense etiquetes, Sigues el primer a etiquetar aquest registre!
|
MARC
| LEADER | 00000 a a2200000 04500 | ||
|---|---|---|---|
| 001 | 18890 | ||
| 003 | |||
| 040 | |||
| 100 | |a Zuñiga, Mauricio | ||
| 245 | |a Elecciones regionales y padrón electoral, principales resultados y retos para noviembre del 2006 / |c Mauricio Zuñiga | ||
| 650 | |a ELECCIONES | ||
| 650 | |a GOBIERNO REGIONAL | ||
| 650 | |a NICARAGUA | ||
| 773 | |g número 45; páginas 10-26 | ||
| 999 | |c 22344 |d 22344 | ||
